[Event "Hamburg-chT Landesliga 1920"]
[Site "Hamburg"]
[Date "2019.09.29"]
[Round "1.2"]
[White "Cremer, Jochen"]
[Black "Henrich, Holger"]
[Result "0-1"]
[WhiteElo "2112"]
[BlackElo "2151"]
[PlyCount "94"]
[EventDate "2019.09.29"]
[EventType "team-tourn"]
[EventRounds "9"]
[EventCountry "GER"]
[SourceTitle "EXT 2021"]
[Source "ChessBase"]
[SourceDate "2020.10.23"]
[SourceVersion "1"]
[SourceVersionDate "2020.10.23"]
[SourceQuality "1"]

1. c4 e5 2. Nc3 Nf6 3. Nf3 Nc6 4. e3 d5 5. cxd5 Nxd5 6. Bb5 Nxc3 7. bxc3 Bd6 8. e4 0-0 9. 0-0 f5 10. d3 Kh8 11. Nd2 f4 12. Re1 Bc5 13. Nb3 Bd6 14. d4 exd4 15. cxd4 Qh4 16. e5 Bb4 17. Bd2 Be6 18. Bxb4 Nxb4 19. Be2 Rad8 20. Bf3 b6 21. Qd2 c5 22. Qc3 Nd5 23. Qc1 g5 24. g3 Qh6 25. Bh1 fxg3 26. fxg3 Rf2 27. h4 Rdf8 28. Qxg5 Qxg5 29. hxg5 c4 30. Nc1 Nc3 31. d5 Nxd5 32. Ne2 Nb4 33. Nf4 R2xf4 34. gxf4 Nc2 35. f5 Rxf5 36. Rad1 Nxe1 37. Rxe1 Rxg5+ 38. Kf2 Kg7 39. Kf3 Rf5+ 40. Ke4 Rf2 41. Bf3 Rxa2 42. Rg1+ Kf8 43. Bh1 Bg8 44. Rd1 Ke7 45. Rg1 Bf7 46. Rg7 Kf8 47. Rxh7 Bg6+ 0-1

[Event "Hamburg-chT Landesliga 1819"]
[Site "Hamburg"]
[Date "2019.04.14"]
[Round "9.2"]
[White "Kluth, Carsten"]
[Black "Henrich, Holger"]
[Result "1/2-1/2"]
[WhiteElo "2109"]
[BlackElo "2156"]
[PlyCount "21"]
[EventDate "2018.10.21"]
[EventType "team-tourn"]
[EventRounds "9"]
[EventCountry "GER"]
[SourceTitle "EXT 2020"]
[Source "ChessBase"]
[SourceDate "2019.10.17"]
[SourceVersion "1"]
[SourceVersionDate "2019.10.17"]
[SourceQuality "1"]
[WhiteTeam "St Pauli III"]
[BlackTeam "Eimsbuettel Union"]
[WhiteTeamCountry "GER"]
[BlackTeamCountry "GER"]

1. d4 Nf6 2. Bf4 d5 3. e3 e6 4. Bd3 b6 5. c3 Bd6 6. Nd2 0-0 7. Qe2 Bb7 8. Ngf3 Nbd7 9. 0-0 Ne4 10. Ne5 Nxd2 11. Qxd2 1/2-1/2

[Event "Hamburg-chT Landesliga 1819"]
[Site "Hamburg"]
[Date "2019.04.13"]
[Round "8.2"]
[White "Henrich, Holger"]
[Black "Popist, Florian"]
[Result "1/2-1/2"]
[WhiteElo "2156"]
[BlackElo "1912"]
[PlyCount "70"]
[EventDate "2018.10.21"]
[EventType "team-tourn"]
[EventRounds "9"]
[EventCountry "GER"]
[SourceTitle "EXT 2020"]
[Source "ChessBase"]
[SourceDate "2019.10.17"]
[SourceVersion "1"]
[SourceVersionDate "2019.10.17"]
[SourceQuality "1"]
[WhiteTeam "Eimsbuettel Union"]
[BlackTeam "Hamburg Weisse Dame"]
[WhiteTeamCountry "GER"]
[BlackTeamCountry "GER"]

1. d4 d5 2. c4 e6 3. Nc3 Be7 4. Nf3 Nf6 5. Bf4 0-0 6. e3 b6 7. cxd5 Nxd5 8. Nxd5 exd5 9. Be2 c5 10. dxc5 bxc5 11. 0-0 Be6 12. Ne5 Qb6 13. b3 Nc6 14. Nxc6 Qxc6 15. Be5 Rac8 16. Rc1 Rfd8 17. b4 c4 18. a3 a5 19. bxa5 Bxa3 20. Ra1 Bd6 21. Bc3 Bc5 22. Bg4 f5 23. Bf3 Qd6 24. g3 f4 25. Bd4 fxe3 26. fxe3 c3 27. Qd3 Bxd4 28. Qxd4 Qc5 29. Qxc5 Rxc5 30. a6 Ra8 31. a7 Rc7 32. Ra6 Bf7 33. Rc1 Raxa7 34. Rxc3 Rxc3 35. Rxa7 Rxe3 1/2-1/2

[Event "GER CupT V3"]
[Site "Hamburg"]
[Date "2015.01.11"]
[Round "2.2"]
[White "Ehrke, Michael"]
[Black "Henrich, Holger"]
[Result "1-0"]
[WhiteElo "2215"]
[BlackElo "2221"]
[PlyCount "63"]
[EventDate "2015.01.10"]
[EventType "team-k.o."]
[EventRounds "2"]
[EventCountry "GER"]
[SourceTitle "EXT 2019"]
[Source "ChessBase"]
[SourceDate "2018.10.10"]
[SourceVersion "1"]
[SourceVersionDate "2018.10.10"]
[SourceQuality "1"]
[WhiteTeam "Luebeck"]
[BlackTeam "Eimsbuettel Union"]
[WhiteTeamCountry "GER"]
[BlackTeamCountry "GER"]

1. d4 Nf6 2. Nf3 d5 3. Bf4 c5 4. e3 Nc6 5. c3 Qb6 6. Qb3 c4 7. Qc2 Bf5 8. Qc1 Nh5 9. Be2 Nxf4 10. exf4 h6 11. Nbd2 Qc7 12. Ne5 e6 13. b3 cxb3 14. axb3 Bd6 15. 0-0 0-0 16. g3 Rfc8 17. Qb2 f6 18. Nxc6 Qxc6 19. Rfc1 b5 20. c4 bxc4 21. bxc4 Rab8 22. Qa2 Bb4 23. Bf3 Bd3 24. Kg2 Bxd2 25. Qxd2 Bxc4 26. Rxa7 Rb3 27. Rca1 Rd3 28. Qb4 Rc7 29. Rxc7 Qxc7 30. Ra8+ Kh7 31. Qf8 Bb5 32. Bh5 1-0

[Event "Hamburg-chT Landesliga 1314"]
[Site "Hamburg"]
[Date "2014.04.13"]
[Round "9.2"]
[White "Laqua, Christian"]
[Black "Henrich, Holger"]
[Result "1/2-1/2"]
[WhiteElo "2124"]
[BlackElo "2245"]
[PlyCount "49"]
[EventDate "2013.10.13"]
[EventType "team-tourn"]
[EventRounds "9"]
[EventCountry "GER"]
[SourceTitle "EXT 2022"]
[Source "ChessBase"]
[SourceDate "2021.10.06"]
[SourceVersion "1"]
[SourceVersionDate "2021.10.06"]
[SourceQuality "1"]
[WhiteTeam "Hamburg Diogenes II"]
[BlackTeam "Eimsbuettel Union"]
[WhiteTeamCountry "GER"]
[BlackTeamCountry "GER"]

1. c4 g6 2. g3 Bg7 3. Bg2 Nf6 4. Nc3 0-0 5. e4 d6 6. Nge2 c5 7. 0-0 Nc6 8. d3 Ne8 9. Be3 e5 10. Qd2 Nd4 11. Bh6 a6 12. Nxd4 cxd4 13. Nd5 Be6 14. Bxg7 Kxg7 15. f4 f6 16. Qb4 Rb8 17. Nb6 Qc7 18. f5 Bg8 19. fxg6 hxg6 20. Bh3 Rd8 21. Rf2 Qe7 22. Rc1 Nc7 23. Rcf1 Be6 24. Bxe6 Qxe6 25. Qd2 1/2-1/2

[Event "Hamburg-chT Landesliga 1314"]
[Site "Hamburg"]
[Date "2014.04.12"]
[Round "8.2"]
[White "Henrich, Holger"]
[Black "Heyken, Enno"]
[Result "0-1"]
[WhiteElo "2245"]
[BlackElo "2354"]
[PlyCount "62"]
[EventDate "2013.10.13"]
[EventType "team-tourn"]
[EventRounds "9"]
[EventCountry "GER"]
[SourceTitle "EXT 2022"]
[Source "ChessBase"]
[SourceDate "2021.10.06"]
[SourceVersion "1"]
[SourceVersionDate "2021.10.06"]
[SourceQuality "1"]
[WhiteTeam "Eimsbuettel Union"]
[BlackTeam "Grosshansdorf"]
[WhiteTeamCountry "GER"]
[BlackTeamCountry "GER"]

1. d4 Nf6 2. c4 c5 3. d5 e6 4. Nc3 exd5 5. cxd5 d6 6. e4 g6 7. Bd3 Bg7 8. h3 0-0 9. Nf3 b6 10. a4 Na6 11. 0-0 Nb4 12. Bb1 h6 13. Re1 Re8 14. Nd2 Ba6 15. Nb5 Qd7 16. Nc4 Bxb5 17. axb5 g5 18. Bd2 g4 19. hxg4 Nxg4 20. Bc3 f5 21. exf5 Rxe1+ 22. Bxe1 Qe7 23. Bxb4 Qh4 24. Be1 Re8 25. Ne3 Rxe3 26. fxe3 Qh2+ 27. Kf1 Nxe3+ 28. Ke2 Qh5+ 29. Kxe3 Qxd1 30. Bc3 Bxc3 31. bxc3 Qc1+ 0-1

[Event "Pinneberg-ch"]
[Site "Pinneberg"]
[Date "2012.09.27"]
[Round "7"]
[White "Henrich, Holger"]
[Black "Hawranke, Dietrich"]
[Result "1-0"]
[WhiteElo "2271"]
[BlackElo "2131"]
[PlyCount "113"]
[EventDate "2012.08.16"]
[EventType "swiss"]
[EventRounds "7"]
[EventCountry "GER"]
[SourceTitle "EXT 2013"]
[Source "ChessBase"]
[SourceDate "2012.11.22"]
[SourceVersion "1"]
[SourceVersionDate "2012.11.22"]
[SourceQuality "1"]

1. d4 d5 2. c4 c6 3. Nf3 Nf6 4. Nc3 g6 5. cxd5 cxd5 6. Bf4 Bg7 7. e3 0-0 8. Qb3 Nc6 9. Bd3 Na5 10. Qc2 Bd7 11. Ne5 Rc8 12. b4 Nc6 13. Qb3 Be6 14. 0-0 Nxe5 15. Bxe5 Ne4 16. Bxe4 dxe4 17. Qb2 Bxe5 18. dxe5 Qd3 19. Rac1 Rfd8 20. h3 Qc4 21. a3 Rd3 22. Na4 Qd5 23. Rxc8+ Bxc8 24. Qc1 Qc6 25. Nc5 Rd8 26. Rd1 Rxd1+ 27. Qxd1 b6 28. Qd8+ Kg7 29. Nb3 Qd7 30. Qxd7 Bxd7 31. Nd4 a6 32. Kh2 f5 33. Kg3 h6 34. h4 Kf7 35. Kf4 e6 36. Kg3 Ba4 37. Kh2 Be8 38. Kg1 g5 39. hxg5 hxg5 40. Kf1 Ke7 41. Ke1 Bd7 42. Kd2 Kd8 43. Kc3 Kc7 44. Kc4 g4 45. a4 Bxa4 46. Nxe6+ Kd7 47. Nd4 Ke7 48. Kd5 Bd7 49. e6 Bc8 50. Ke5 a5 51. bxa5 bxa5 52. Nc6+ Ke8 53. Nxa5 f4 54. g3 fxg3 55. fxg3 Ke7 56. Nc6+ Ke8 57. Kf6 1-0

[Event "Pinneberg-ch"]
[Site "Pinneberg"]
[Date "2012.09.20"]
[Round "6"]
[White "Schermer, Denis"]
[Black "Henrich, Holger"]
[Result "1/2-1/2"]
[WhiteElo "2089"]
[BlackElo "2271"]
[PlyCount "91"]
[EventDate "2012.08.16"]
[EventType "swiss"]
[EventRounds "7"]
[EventCountry "GER"]
[SourceTitle "EXT 2013"]
[Source "ChessBase"]
[SourceDate "2012.11.22"]
[SourceVersion "1"]
[SourceVersionDate "2012.11.22"]
[SourceQuality "1"]

1. d4 Nf6 2. c4 c5 3. d5 a6 4. a4 e6 5. Nc3 exd5 6. cxd5 d6 7. e4 g6 8. f4 Bg7 9. Nf3 0-0 10. Be2 Bg4 11. 0-0 Nbd7 12. Be3 Bxf3 13. Bxf3 Ne8 14. Qb3 Nc7 15. Rac1 Rb8 16. a5 b6 17. axb6 Rxb6 18. Qc2 Nb5 19. e5 dxe5 20. Na4 Rb8 21. fxe5 Nxe5 22. Nxc5 Nd4 23. Qf2 Nexf3+ 24. gxf3 Qxd5 25. Na4 Nf5 26. Rcd1 Qb3 27. Nc3 Rfe8 28. Ba7 Ra8 29. Rd3 Rad8 30. Rfd1 Rxd3 31. Rxd3 h5 32. Qd2 Bh6 33. Ne4 Qe6 34. Qc3 Bg7 35. Qb3 Qc6 36. Bf2 Qc1+ 37. Kg2 Qxb2 38. Qa4 Nh4+ 39. Kf1 Rb8 40. Bxh4 Qxh2 41. Rd8+ Rxd8 42. Bxd8 Qh1+ 43. Ke2 Qh2+ 44. Kf1 Qh1+ 45. Ke2 Qh2+ 46. Kf1 1/2-1/2

[Event "Pinneberg-ch"]
[Site "Pinneberg"]
[Date "2011.09.22"]
[Round "6"]
[White "Wolff, Stefan"]
[Black "Henrich, Holger"]
[Result "0-1"]
[WhiteElo "1989"]
[BlackElo "2202"]
[PlyCount "124"]
[EventDate "2011.08.18"]
[EventType "swiss"]
[EventRounds "7"]
[EventCountry "GER"]
[SourceTitle "CBM 144 Extra"]
[Source "ChessBase"]
[SourceDate "2011.10.28"]
[SourceVersion "1"]
[SourceVersionDate "2011.10.28"]
[SourceQuality "1"]

1. c4 Nf6 2. Nc3 e5 3. Nf3 Nc6 4. d4 exd4 5. Nxd4 Bb4 6. Bg5 h6 7. Bh4 0-0 8. Rc1 Re8 9. e3 Nxd4 10. Qxd4 g5 11. Bg3 d6 12. Be2 Ne4 13. Bf3 Nxc3 14. bxc3 Bc5 15. Qd3 Qf6 16. Qe2 Ba3 17. Rc2 Bf5 18. 0-0 Bxc2 19. Qxc2 Rab8 20. Rb1 Bc5 21. Bxb7 h5 22. h3 h4 23. Bh2 Rxe3 24. fxe3 Bxe3+ 25. Kh1 Rxb7 26. Re1 Qf2 27. Qxf2 Bxf2 28. Rf1 Rb2 29. Bg1 Bxg1 30. Kxg1 Kg7 31. Rf5 Kg6 32. Ra5 f5 33. c5 dxc5 34. Rxc5 g4 35. g3 Kg5 36. hxg4 Kxg4 37. gxh4 Rxa2 38. h5 Ra1+ 39. Kh2 Ra2+ 40. Kg1 Ra1+ 41. Kh2 f4 42. Kg2 Ra2+ 43. Kg1 Ra6 44. Kf2 Rh6 45. Rxc7 Rxh5 46. Rg7+ Kf5 47. Rxa7 Rh2+ 48. Ke1 Ke4 49. Re7+ Kf3 50. c4 Rc2 51. Rc7 Re2+ 52. Kf1 Rh2 53. Kg1 Rc2 54. c5 Rc1+ 55. Kh2 Kf2 56. Rf7 f3 57. Rf5 Rc2 58. Kh3 Rc4 59. Rh5 Rc1 60. Kh2 Rc2 61. Kh3 Ke1 62. Re5+ Re2 0-1

[Event "Pinneberg-ch"]
[Site "Pinneberg"]
[Date "2011.09.15"]
[Round "5"]
[White "Henrich, Holger"]
[Black "Kurzynsky, Mirko"]
[Result "1-0"]
[WhiteElo "2202"]
[BlackElo "1991"]
[PlyCount "63"]
[EventDate "2011.08.18"]
[EventType "swiss"]
[EventRounds "7"]
[EventCountry "GER"]
[SourceTitle "CBM 144 Extra"]
[Source "ChessBase"]
[SourceDate "2011.10.28"]
[SourceVersion "1"]
[SourceVersionDate "2011.10.28"]
[SourceQuality "1"]

1. d4 Nf6 2. c4 g6 3. Nc3 d5 4. cxd5 Nxd5 5. e4 Nxc3 6. bxc3 Bg7 7. Bc4 c5 8. Ne2 Nc6 9. Be3 cxd4 10. cxd4 Qa5+ 11. Bd2 Qd8 12. d5 Ne5 13. Bc3 0-0 14. 0-0 Qd6 15. h3 f5 16. Rb1 f4 17. Bb4 Qf6 18. Bxe7 Qf7 19. Bb3 f3 20. d6 Be6 21. Bxe6 Qxe6 22. Nd4 Qxa2 23. Bxf8 Bxf8 24. Nxf3 Nxf3+ 25. Qxf3 Bxd6 26. Rxb7 Rf8 27. Qc3 Rf7 28. Rxf7 Qxf7 29. Rb1 Qe7 30. Qc8+ Qf8 31. Qe6+ Kh8 32. Rb7 1-0

[Event "Pinneberg-ch"]
[Site "Pinneberg"]
[Date "2011.08.25"]
[Round "2"]
[White "Goetz, Claus"]
[Black "Henrich, Holger"]
[Result "0-1"]
[WhiteElo "1913"]
[BlackElo "2202"]
[PlyCount "58"]
[EventDate "2011.08.18"]
[EventType "swiss"]
[EventRounds "7"]
[EventCountry "GER"]
[SourceTitle "CBM 144 Extra"]
[Source "ChessBase"]
[SourceDate "2011.10.28"]
[SourceVersion "1"]
[SourceVersionDate "2011.10.28"]
[SourceQuality "1"]

1. e4 d6 2. d4 g6 3. Nc3 a6 4. Be3 Bg7 5. Qd2 Nd7 6. Nf3 b5 7. 0-0-0 Bb7 8. Bd3 c5 9. dxc5 Nxc5 10. Bd4 Nf6 11. Rhe1 Ne6 12. Be3 Ng4 13. Ng5 Nxe3 14. Nxe6 fxe6 15. Qxe3 Qa5 16. f4 b4 17. Ne2 Qxa2 18. e5 0-0 19. b3 Rac8 20. Kd2 Qa5 21. Nd4 dxe5 22. Nxe6 exf4 23. Nxf4 Kh8 24. Ke2 Rxf4 25. Qxf4 Rf8 26. Qg3 Qh5+ 27. Kd2 Bc3+ 28. Ke3 Qd5 29. Qg4 Qc5+ 0-1

[Event "Hamburg St Pauli op-A"]
[Site "Hamburg"]
[Date "2011.07.12"]
[Round "5"]
[White "Kopylov, Michael"]
[Black "Henrich, Holger"]
[Result "1/2-1/2"]
[WhiteElo "2470"]
[BlackElo "2242"]
[PlyCount "37"]
[EventDate "2011.07.09"]
[EventType "swiss"]
[EventRounds "9"]
[EventCountry "GER"]
[SourceTitle "CBM 143 Extra"]
[Source "ChessBase"]
[SourceDate "2011.08.29"]
[SourceVersion "1"]
[SourceVersionDate "2011.08.29"]
[SourceQuality "1"]

1. d4 d5 2. c4 c6 3. Nf3 Nf6 4. Qc2 g6 5. Bf4 Bg7 6. e3 0-0 7. Nc3 c5 8. dxc5 dxc4 9. Bxc4 Qa5 10. 0-0 Nc6 11. Nb5 Bf5 12. Qe2 Nh5 13. Bc7 Qb4 14. Nfd4 Nxd4 15. exd4 Be6 16. Bxe6 fxe6 17. Rad1 e5 18. g3 exd4 19. g4 1/2-1/2

[Event "Daehne Cup final"]
[Site "Magdeburg"]
[Date "2011.06.25"]
[Round "5"]
[White "Henrich, Holger"]
[Black "Mueller, Michael5555"]
[Result "1/2-1/2"]
[WhiteElo "2231"]
[BlackElo "1995"]
[PlyCount "45"]
[EventDate "2011.06.23"]
[EventType "swiss"]
[EventRounds "5"]
[EventCountry "GER"]
[SourceTitle "CBM 143 Extra"]
[Source "ChessBase"]
[SourceDate "2011.08.29"]
[SourceVersion "1"]
[SourceVersionDate "2011.08.29"]
[SourceQuality "1"]

1. d4 d5 2. c4 c6 3. Nf3 Bf5 4. cxd5 Bxb1 5. Rxb1 Qxd5 6. a3 Nf6 7. e3 Nbd7 8. Qc2 e6 9. b4 Be7 10. Bd3 Qh5 11. Bd2 g5 12. e4 g4 13. Ng1 e5 14. Ne2 exd4 15. Nxd4 0-0 16. Nf5 Rfe8 17. Ng3 Qe5 18. Bc3 Qf4 19. Ne2 Qh6 20. Ng3 Qf4 21. 0-0 Rad8 22. Ne2 Qh6 23. Bd2 1/2-1/2

[Event "Daehne Cup final"]
[Site "Magdeburg"]
[Date "2011.06.24"]
[Round "3"]
[White "Meissner, Felix"]
[Black "Henrich, Holger"]
[Result "1/2-1/2"]
[WhiteElo "2249"]
[BlackElo "2231"]
[PlyCount "45"]
[EventDate "2011.06.23"]
[EventType "swiss"]
[EventRounds "5"]
[EventCountry "GER"]
[SourceTitle "CBM 143 Extra"]
[Source "ChessBase"]
[SourceDate "2011.08.29"]
[SourceVersion "1"]
[SourceVersionDate "2011.08.29"]
[SourceQuality "1"]

1. e4 c5 2. Nf3 Nc6 3. d4 cxd4 4. Nxd4 g6 5. c4 Nf6 6. Nc3 Nxd4 7. Qxd4 d6 8. Be3 Bg7 9. f3 0-0 10. Qd2 a5 11. Rc1 a4 12. Be2 Be6 13. 0-0 Qa5 14. Nd5 Bxd5 15. Qxa5 Rxa5 16. cxd5 Nd7 17. Rc7 Nc5 18. Rxe7 Bxb2 19. Rc7 Re8 20. Bxc5 Rxc5 21. Rxc5 Bd4+ 22. Kh1 Bxc5 23. Rb1 1/2-1/2

[Event "Daehne Cup final"]
[Site "Magdeburg"]
[Date "2011.06.24"]
[Round "4"]
[White "Schindler, Samuel"]
[Black "Henrich, Holger"]
[Result "0-1"]
[WhiteElo "2249"]
[BlackElo "2231"]
[PlyCount "72"]
[EventDate "2011.06.23"]
[EventType "swiss"]
[EventRounds "5"]
[EventCountry "GER"]
[SourceTitle "CBM 143 Extra"]
[Source "ChessBase"]
[SourceDate "2011.08.29"]
[SourceVersion "1"]
[SourceVersionDate "2011.08.29"]
[SourceQuality "1"]

1. e4 e6 2. d4 d5 3. Nc3 Nf6 4. Bg5 Bb4 5. e5 h6 6. Bd2 Bxc3 7. bxc3 Ne4 8. Bd3 Nxd2 9. Qxd2 c5 10. h4 c4 11. Be2 Nd7 12. Rh3 Qe7 13. Rg3 Rg8 14. Qf4 Nb6 15. Nh3 Na4 16. Kd2 b5 17. a3 a5 18. Rg4 b4 19. axb4 Nxc3 20. Qg3 Ne4+ 21. Rxe4 Qxb4+ 22. Qc3 Qxc3+ 23. Kxc3 dxe4 24. Bxc4 Bb7 25. Bb5+ Ke7 26. Kd2 f6 27. Nf4 g5 28. hxg5 hxg5 29. Nh5 f5 30. g3 Rh8 31. Nf6 Rh2 32. Ke2 f4 33. Ng4 fxg3 34. Rg1 gxf2 35. Rb1 f1Q+ 36. Kxf1 Rh1+ 0-1

[Event "Daehne Cup final"]
[Site "Magdeburg"]
[Date "2011.06.23"]
[Round "2"]
[White "Henrich, Holger"]
[Black "Boehme, Andy"]
[Result "1-0"]
[WhiteElo "2231"]
[BlackElo "2047"]
[PlyCount "89"]
[EventDate "2011.06.23"]
[EventType "swiss"]
[EventRounds "5"]
[EventCountry "GER"]
[SourceTitle "CBM 143 Extra"]
[Source "ChessBase"]
[SourceDate "2011.08.29"]
[SourceVersion "1"]
[SourceVersionDate "2011.08.29"]
[SourceQuality "1"]

1. d4 Nf6 2. c4 e6 3. Nc3 Bb4 4. Qc2 Nc6 5. Nf3 d6 6. Bg5 h6 7. Bxf6 Qxf6 8. a3 Bxc3+ 9. Qxc3 e5 10. d5 Ne7 11. g3 Bf5 12. Bg2 0-0 13. 0-0 b6 14. Nd2 Qg6 15. b4 Bd7 16. f4 exf4 17. Rxf4 f5 18. e4 Qf6 19. Qxf6 Rxf6 20. c5 Ng6 21. Rf2 Ne5 22. c6 Bc8 23. exf5 Bxf5 24. Raf1 Raf8 25. Be4 g6 26. h3 h5 27. Bxf5 Rxf5 28. Rxf5 Rxf5 29. Ne4 Rxf1+ 30. Kxf1 Nc4 31. Ke2 Kf8 32. Ng5 Nxa3 33. Ne6+ Ke7 34. Nxc7 a5 35. Na8 axb4 36. Nxb6 Kd8 37. Kd3 Kc7 38. Nc4 Nb5 39. Nd2 Kb6 40. Kc4 Ka5 41. Nb3+ Ka4 42. Nd4 Nc7 43. Ne6 b3 44. Nxc7 b2 45. Nb5 1-0

[Event "Hamburg-chT Landesliga 1011"]
[Site "Hamburg"]
[Date "2011.04.17"]
[Round "9.3"]
[White "Henrich, Holger"]
[Black "Storm, Roland"]
[Result "1-0"]
[WhiteElo "2198"]
[BlackElo "2238"]
[PlyCount "65"]
[EventDate "2010.10.10"]
[EventType "team-tourn"]
[EventRounds "9"]
[EventCountry "GER"]
[SourceTitle "EXT 2022"]
[Source "ChessBase"]
[SourceDate "2021.10.06"]
[SourceVersion "1"]
[SourceVersionDate "2021.10.06"]
[SourceQuality "1"]
[WhiteTeam "Eimsbuettel Union"]
[BlackTeam "Grosshansdorf"]
[WhiteTeamCountry "GER"]
[BlackTeamCountry "GER"]

1. d4 d5 2. c4 e6 3. Nc3 f5 4. Nf3 Nf6 5. Bf4 c6 6. e3 Bd6 7. Bd3 Ne4 8. 0-0 0-0 9. Ne2 Qe7 10. c5 Bxf4 11. exf4 Bd7 12. Ne5 Be8 13. f3 Nf6 14. b4 Nfd7 15. Nxd7 Nxd7 16. a4 b6 17. Rb1 a5 18. cxb6 axb4 19. Qb3 c5 20. b7 Rb8 21. Ba6 Qd6 22. dxc5 Qxa6 23. Qxb4 Nxc5 24. Qxc5 Rxb7 25. Rxb7 Qxb7 26. Nd4 Bd7 27. Kh1 Qa6 28. Ra1 Rc8 29. Qa3 Rc4 30. Qe7 Rxa4 31. Qd8+ Kf7 32. Qxd7+ Kf8 33. Qxa4 1-0

[Event "GER CupT"]
[Site "Germany"]
[Date "2011.01.22"]
[Round "1.12"]
[White "Meyer, Juergen"]
[Black "Henrich, Holger"]
[Result "0-1"]
[WhiteElo "2047"]
[BlackElo "2198"]
[PlyCount "124"]
[EventDate "2011.01.22"]
[EventType "team-k.o."]
[EventRounds "6"]
[EventCountry "GER"]
[SourceTitle "EXT 2016"]
[Source "ChessBase"]
[SourceDate "2015.10.08"]
[SourceVersion "1"]
[SourceVersionDate "2015.10.08"]
[SourceQuality "1"]
[WhiteTeam "Heide"]
[BlackTeam "Eimsbuettel Union"]
[WhiteTeamCountry "GER"]
[BlackTeamCountry "GER"]

1. e4 c5 2. Nf3 Nc6 3. d4 cxd4 4. Nxd4 Nf6 5. Nc3 e5 6. Ndb5 d6 7. Nd5 Nxd5 8. exd5 Nb8 9. Qf3 a6 10. Qa3 b6 11. c4 Bb7 12. Nc3 Be7 13. Be2 0-0 14. 0-0 f5 15. f4 Bf6 16. Rd1 Kh8 17. Be3 Nd7 18. Rac1 exf4 19. Bxf4 Be5 20. Bxe5 Nxe5 21. Qb4 a5 22. Qb3 Ba6 23. Nb5 Bxb5 24. Qxb5 Qc7 25. Rc3 Rab8 26. b4 axb4 27. Qxb4 Qc5+ 28. Qxc5 bxc5 29. Ra1 Rb2 30. Bd1 Ra8 31. a4 Ra5 32. Rb3 Rxb3 33. Bxb3 g6 34. h3 Kg7 35. Kf1 Kf7 36. Ke2 Kf6 37. Kd2 Kg5 38. Ke3 f4+ 39. Ke4 Ra7 40. Rf1 Re7 41. h4+ Kxh4 42. Rxf4+ Kg5 43. Rf1 Nxc4+ 44. Kd3 Na5 45. Bc4 h5 46. Rb1 Nxc4 47. Kxc4 Ra7 48. Ra1 Ra5 49. Kb3 Kf4 50. Re1 g5 51. Re6 Ra6 52. a5 Rxa5 53. Rxd6 Ke5 54. Rg6 Kxd5 55. Rxg5+ Kd4 56. Kb2 h4 57. Rg4+ Kd3 58. Rxh4 c4 59. g4 c3+ 60. Kb3 Rb5+ 61. Ka3 c2 62. Rh3+ Kd4 0-1

[Event "Hamburg Daehne Cup final"]
[Site "Hamburg"]
[Date "2010.09.12"]
[Round "4"]
[White "Henrich, Holger"]
[Black "Franke, Lutz"]
[Result "1-0"]
[WhiteElo "2146"]
[BlackElo "2083"]
[PlyCount "31"]
[EventDate "2010.09.04"]
[EventType "k.o."]
[EventRounds "5"]
[EventCountry "GER"]
[SourceTitle "EXT 2022"]
[Source "ChessBase"]
[SourceDate "2021.10.06"]
[SourceVersion "1"]
[SourceVersionDate "2021.10.06"]
[SourceQuality "1"]

1. d4 e6 2. e4 c5 3. d5 exd5 4. exd5 d6 5. c4 Nd7 6. Nf3 g6 7. Bd3 Bg7 8. Nc3 f6 9. 0-0 Ne5 10. Nxe5 fxe5 11. f4 Ne7 12. fxe5 Bxe5 13. Bg5 Qd7 14. Ne4 Ng8 15. Qe2 Qg4 16. Nxd6+ 1-0

[Event "Pinneberg-ch"]
[Site "Pinneberg"]
[Date "2010.09.02"]
[Round "2"]
[White "Henrich, Holger"]
[Black "Verweyen, Andreas"]
[Result "1-0"]
[WhiteElo "2190"]
[BlackElo "1915"]
[PlyCount "76"]
[EventDate "2010.08.26"]
[EventType "swiss"]
[EventRounds "7"]
[EventCountry "GER"]
[SourceTitle "EXT 2011"]
[Source "ChessBase"]
[SourceDate "2010.11.26"]
[SourceVersion "1"]
[SourceVersionDate "2010.11.26"]
[SourceQuality "1"]

1. d4 d5 2. c4 c6 3. Nf3 dxc4 4. Qc2 b5 5. g3 e6 6. Bg2 Bb7 7. a4 a6 8. 0-0 Nd7 9. e4 Ngf6 10. Nc3 Be7 11. Rd1 0-0 12. axb5 axb5 13. Rxa8 Qxa8 14. e5 Nd5 15. Bg5 Nxc3 16. bxc3 Qd8 17. h4 h6 18. Be3 Qa5 19. Nh2 f5 20. exf6 Nxf6 21. Qg6 h5 22. g4 hxg4 23. Nxg4 Nxg4 24. Qxe6+ Rf7 25. Qxg4 Qc7 26. Be4 Qc8 27. Qxc8+ Bxc8 28. Bxc6 Rf5 29. d5 b4 30. d6 Bd8 31. cxb4 c3 32. Rc1 Rf6 33. Bc5 Rg6+ 34. Kf1 Bf6 35. d7 Bxd7 36. Bxd7 Rh6 37. Ke2 Rxh4 38. Kd3 Rh3+ 1-0

[Event "Hamburg St Pauli op-A"]
[Site "Hamburg"]
[Date "2010.07.13"]
[Round "4"]
[White "Johannsen, Dennis"]
[Black "Henrich, Holger"]
[Result "1-0"]
[WhiteElo "2061"]
[BlackElo "2168"]
[PlyCount "119"]
[EventDate "2010.07.10"]
[EventType "swiss"]
[EventRounds "9"]
[EventCountry "GER"]
[SourceTitle "EXT 2013"]
[Source "ChessBase"]
[SourceDate "2012.11.22"]
[SourceVersion "1"]
[SourceVersionDate "2012.11.22"]
[SourceQuality "1"]

1. Nf3 c5 2. g3 Nc6 3. d4 cxd4 4. Nxd4 Qb6 5. Nb3 Nf6 6. Nc3 a6 7. Bg2 Qc7 8. a4 b6 9. a5 b5 10. Be3 e6 11. Bb6 Qd6 12. Qxd6 Bxd6 13. 0-0-0 Be7 14. e4 Bb7 15. h3 Ne5 16. Nc5 Bc6 17. b3 d6 18. Nd3 Nxd3+ 19. cxd3 Nd7 20. Bd4 Nc5 21. Kb2 0-0 22. b4 Nd7 23. Rc1 Rac8 24. Rc2 f5 25. Rhc1 Bb7 26. Ne2 fxe4 27. dxe4 Bf6 28. Bxf6 gxf6 29. f4 Kf7 30. Rc7 Rxc7 31. Rxc7 Bc8 32. Nd4 e5 33. Nf5 Ke6 34. Rc6 exf4 35. gxf4 Nb8 36. Rb6 Bd7 37. Nxd6 Nc6 38. Nb7 Ke7 39. Nc5 Rg8 40. Bf3 Rg3 41. Nxd7 Kxd7 42. Bg4+ Kc7 43. Rxa6 Rg2+ 44. Kc3 Rc2+ 45. Kxc2 Nxb4+ 46. Kc3 Nxa6 47. Bf5 h6 48. Kd4 Kd6 49. Bc8 Nb8 50. a6 Kc7 51. Kd5 Nc6 52. Kc5 b4 53. Be6 Ne7 54. Kxb4 Kb6 55. Bc4 Ng6 56. f5 Nf4 57. Bf1 Nh5 58. Kc3 Ng3 59. Bd3 Nh1 60. e5 1-0